| 000 | 01186nam0a22003611 4500 | ||
|---|---|---|---|
| 001 | RU\NLR\A1SV\66899 | ||
| 005 | 20251203171251.9 | ||
| 035 | _a(NLR Aleph) 009748523 | ||
| 090 |
_a9971439 _c9971439 |
||
| 100 | _a20051226d1926 u y0rusy50 ca | ||
| 101 | 0 | _arus | |
| 102 | _aRU | ||
| 200 | 1 |
_aОсновы капитального строительства Бурятии _fН.Н.Козьмин _gГос. плановая комис. Б-М АССР |
|
| 210 |
_aВерхнеудинск _cТип. ЦСНХ Б-М АССР _d1926 |
||
| 215 |
_a[2], 144 с. _cтабл. _d22 см |
||
| 225 | _aМатериалы по плану капитал. стр-ва Бурят-Монгол. АССР | ||
| 620 | _dУлан-Удэ | ||
| 700 | 1 |
_aКозьмин _bН.Н. _f1872-1938 _gНиколай Николаевич |
|
| 801 | 0 |
_aRU _bNLR _c20051226 |
|
| 852 |
_aNLR _j27/734 |
||
| 852 |
_aNLR _j27/734а |
||
| 899 | _aРГБ | ||
| 899 | _aНБ ТГУ | ||
| 899 | _aБАН | ||
| 899 | _aГПНТБ СО РАН | ||
| 899 | _aНБ Бел. | ||
| 899 | _aНГОНБ | ||
| 899 | _aКирОУНБ | ||
| 899 | _aНГОУНБ | ||
| 942 | _cBOOK | ||
| 980 | _aNB | ||
| 980 | _aA1SV | ||